000 00380nam a2200145Ia 4500
008 230711s9999||||xx |||||||||||||| ||und||
041 _aENG
082 _a621.3
_bRA-T
100 _aRaina,K.B
245 0 _aTransmission and distribution of electrical power
250 _a1st Ed.
260 _c1993
_aNew Delhi
_bPradeep publishers
650 _aElectrical Engineering
942 _cBK
999 _c3044
_d3044